NBA/ABA Top 250 Blocks Leaders - Statistics

General Stats
  • This quiz has been taken 3 times
  • The average score is 105 of 250
Answer Stats
Rank Player Blocks % Correct
90 Al Jefferson 1093
100%
151 Amir Johnson 839
100%
27 Anthony Davis 1848
100%
132 Antonio Davis 889
100%
16 Ben Wallace 2137
100%
56 Bobby Jones 1319
100%
Brad Miller 592
100%
Buck Williams 1100
100%
14 Caldwell Jones 2297
100%
80 Charles Jones 1134
100%
164 Charles Smith 789
100%
66 Chris Webber 1200
100%
Clemon Johnson 717
100%
50 Clifford Robinson 1390
100%
60 Dale Davis 1270
100%
222 Danny Green 634
100%
7 David Robinson 2954
100%
39 DeAndre Jordan 1572
100%
202 Dennis Johnson 675
100%
58 Dirk Nowitzki 1281
100%
125 Draymond Green 917
100%
15 Dwight Howard 2228
100%
Eddie Jones 580
100%
71 Elmore Smith 1183
100%
92 Ervin Johnson 1087
100%
20 George Johnson 2082
100%
200 Gerald Wallace 681
100%
242 Greg Anderson 590
100%
36 Herb Williams 1605
100%
79 Horace Grant 1136
100%
47 Hot Rod Williams 1456
100%
143 James Edwards 867
100%
210 James Johnson 655
100%
148 Jaren Jackson Jr. 846
100%
182 Jarrett Allen 743
100%
239 Jeff Green 592
100%
167 Jerami Grant 776
100%
142 Joe Smith 868
100%
33 Josh Smith 1713
100%
144 Kenyon Martin 864
100%
Kevin Willis 750
100%
217 Kobe Bryant 640
100%
149 Kurt Thomas 841
100%
247 Marvin Williams 577
100%
130 Michael Jordan 893
100%
224 Mickey Johnson 632
100%
Mike Green 752
100%
207 Mitchell Robinson 666
100%
172 Oliver Miller 758
100%
45 Rasheed Wallace 1460
100%
17 Shawn Bradley 2119
100%
64 Shawn Marion 1233
100%
6 Tim Duncan 3020
100%
35 Vlade Divac 1631
100%
153 Alex English 833
50%
52 Al Horford 1339
50%
12 Alonzo Mourning 2356
50%
155 Alvan Adams 808
50%
96 Amar'e Stoudemire 1054
50%
70 Andre Drummond 1186
50%
223 Andre Iguodala 633
50%
91 Andrew Bogut 1091
50%
209 Andrew Bynum 657
50%
85 Antonio McDyess 1102
50%
4 Artis Gilmore 3178
50%
206 Bill Cartwright 668
50%
113 Bill Laimbeer 965
50%
103 Bill Walton 1034
50%
75 Bob McAdoo 1147
50%
18 Brook Lopez 2114
50%
214 Carmelo Anthony 644
50%
133 Charles Barkley 888
50%
119 Chris Bosh 932
50%
121 Chris Kaman 931
50%
Christian Laettner 675
50%
237 Cliff Levingston 593
50%
Clifford Ray 638
50%
189 Clyde Drexler 719
50%
Danny Manning 752
50%
105 Darryl Dawkins 1023
50%
145 David West 850
50%
2 Dikembe Mutombo 3289
50%
Dominique Wilkins 642
50%
Donyell Marshall 848
50%
Dwyane Wade 885
50%
31 Elvin Hayes 1771
50%
107 Emeka Okafor 1003
50%
49 Erick Dampier 1398
50%
99 George Gervin 1047
50%
93 Giannis Antetokounmpo 1086
50%
248 Grant Hill 576
50%
57 Greg Ostertag 1293
50%
1 Hakeem Olajuwon 3830
50%
201 James Harden 676
50%
228 James Worthy 624
50%
62 JaVale McGee 1258
50%
29 Jermaine O'Neal 1820
50%
140 Joakim Noah 874
50%
169 Joel Embiid 772
50%
111 John Salley 983
50%
24 Julius Erving 1941
50%
3 Kareem Abdul-Jabbar 3189
50%
157 Karl-Anthony Towns 802
50%
77 Karl Malone 1145
50%
128 Kendrick Perkins 903
50%
55 Kevin Durant 1321
50%
21 Kevin Garnett 2037
50%
34 Kevin McHale 1690
50%
Kristaps Porziņģis 932
50%
69 LaMarcus Aldridge 1187
50%
131 Lamar Odom 892
50%
173 Larry Bird 755
50%
112 LaSalle Thompson 972
50%
72 LeBron James 1172
50%
Lorenzen Wright 572
50%
19 Manute Bol 2086
50%
63 Marc Gasol 1254
50%
135 Marcin Gortat 885
50%
13 Marcus Camby 2331
50%
5 Mark Eaton 3064
50%
48 Mark West 1403
50%
26 Moses Malone 1889
50%
95 Mychal Thompson 1073
50%
42 Myles Turner 1498
50%
188 Nenê 721
50%
236 Nic Claxton 597
50%
139 Nikola Vučević 879
50%
8 Patrick Ewing 2894
50%
Pau Gasol 1941
50%
181 Paul Pierce 745
50%
82 P.J. Brown 1116
50%
180 Rich Kelley 749
50%
83 Rik Smits 1111
50%
102 Robert Horry 1035
50%
11 Robert Parish 2361
50%
100 Robin Lopez 1045
50%
185 Ron Harper 729
50%
141 Rony Seikaly 872
50%
76 Roy Hibbert 1146
50%
30 Rudy Gobert 1808
50%
118 Sam Perkins 933
50%
115 Scottie Pippen 947
50%
32 Serge Ibaka 1759
50%
127 Shane Battier 906
50%
9 Shaquille O'Neal 2732
50%
219 Shareef Abdur-Rahim 638
50%
187 Steven Adams 723
50%
213 Terry Cummings 650
50%
51 Terry Tyler 1342
50%
227 Tom Chambers 627
50%
192 Tony Battie 713
50%
156 Tracy McGrady 807
50%
10 Tree Rollins 2542
50%
41 Wayne Cooper 1535
50%
123 Yao Ming 920
50%
54 Zydrunas Ilgauskas 1327
50%
67 Adonal Foyle 1193
0%
230 Alex Len 615
0%
43 Alton Lister 1473
0%
44 Andrei Kirilenko 1461
0%
89 Andrew Lang 1099
0%
244 Andris Biedriņš 580
0%
122 Antoine Carr 925
0%
234 Armen Gilliam 607
0%
38 Benoit Benjamin 1581
0%
161 Ben Poquette 794
0%
46 Billy Paultz 1457
0%
86 Bismack Biyombo 1101
0%
87 Bob Lanier 1100
0%
Bo Outlaw 1193
0%
84 Brendan Haywood 1109
0%
108 Chris Andersen 991
0%
104 Chris Dudley 1027
0%
Clarence Weatherspoon 794
0%
109 Clint Capela 989
0%
221 Daniel Gafford 637
0%
249 Dan Issel 572
0%
150 Danny Schayes 840
0%
Dan Roundfield 1160
0%
231 Darko Miličić 613
0%
165 Darnell Hillman 782
0%
146 Dave Corzine 848
0%
184 Dave Greenwood 736
0%
183 DeMarcus Cousins 742
0%
97 Derrick Coleman 1051
0%
116 Derrick Favors 939
0%
232 Derrick McKey 611
0%
225 DeSagana Diop 630
0%
171 Duane Causwell 767
0%
37 Elden Campbell 1602
0%
28 Elton Brand 1828
0%
166 Gar Heard 780
0%
65 Harvey Catchings 1226
0%
78 Hassan Whiteside 1143
0%
Ivica Zubac 611
0%
98 Jack Sikma 1048
0%
170 Jakob Poeltl 768
0%
235 Jamaal Magloire 603
0%
61 James Donaldson 1267
0%
158 Jerome Kersey 799
0%
168 Jim Chones 774
0%
196 Jim McIlvaine 691
0%
81 Joe Barry Carroll 1122
0%
152 Joel Przybilla 836
0%
154 Joe Meriweather 810
0%
215 John Henson 642
0%
129 Jonas Valančiūnas 896
0%
163 Jon Koncak 791
0%
205 Jusuf Nurkić 669
0%
197 Kelvin Cato 685
0%
243 Kent Benson 586
0%
229 Kevin Kunnert 616
0%
195 Kurt Nimphius 696
0%
22 Larry Nance 2027
0%
204 Len Elmore 674
0%
138 Marvin Webster 880
0%
193 Mason Plumlee 703
0%
208 Maurice Lucas 659
0%
186 Michael Cage 725
0%
194 Michael Olowokandi 697
0%
Mike Gminski 989
0%
218 Nazr Mohammed 639
0%
198 Nerlens Noel 683
0%
190 Nicolas Batum 717
0%
212 Olden Polynice 651
0%
Paul Millsap 1045
0%
174 Pervis Ellison 752
0%
124 Raef LaFrentz 919
0%
Ralph Sampson 752
0%
178 Randy Breuer 750
0%
117 Rasho Nesterović 934
0%
106 Rick Mahorn 1007
0%
246 Robert Covington 578
0%
Ronny Turiaf 593
0%
137 Roy Hinson 882
0%
Rudy Gay 798
0%
126 Sam Bowie 909
0%
73 Sam Lacey 1160
0%
40 Samuel Dalembert 1546
0%
59 Shawn Kemp 1279
0%
211 Spencer Hawes 652
0%
226 Spencer Haywood 629
0%
Stromile Swift 683
0%
114 Taj Gibson 964
0%
23 Theo Ratliff 1968
0%
Thurl Bailey 1086
0%
241 Tom Burleson 591
0%
53 Tyson Chandler 1335
0%
159 Vin Baker 798
0%
Vince Carter 888
0%
No matching quizzes found
Score Distribution
Percent of People with Each Score
Percentile by Number Answered
Your Score History
You have not taken this quiz